000
00440nam a2200133Ia 4500
008
100328s9999 xx 000 0 und d
082
_b
10465
100
_a
मोहन विश्वासराव
245
_a
संगीत रुढीची बेडी
260
_b
त्रिदल
630
_a
संगीत रुढीची बेडी
730
_a
संगीत रुढीची बेडी
942
_c
BOOK
999
_c
505936
_d
505933